Statystyki dla Top 20 tabela wszechczasów Bundesligii

Kliknij tutaj aby rozwiązać quiz!

Ogólne statystyki

  • Ten quiz został rozwiązany 205 razy
  • Średni wynik to 10 z 20

Statystyki odpowiedzi

miejsceklub% Poprawnych
1Bayern Monachium
100%
2Borussia Dortmund
98%
7Schalke
80%
10Bayer Leverkusen
79%
17Wolfsburg
69%
3Werder Brema
68%
12Hertha Berlin
66%
9Eintracht Frankfurt
63%
4Hamburger SV
59%
6Borussia Monchengladbach
58%
5Stuttgart
50%
8Koln
49%
15Hannover
39%
11Kaiserslautern
32%
18Fortuna
29%
14Nurnberg
26%
13Bochum
23%
16Duisburg
16%
20Eintracht Brunszwik
7%
19Karlsruher
5%

Rozkład punktacji

Percentyl według liczby udzielonych odpowiedzi

Procent ludzi z każdym wynikiem

Twoja historia wyników

Nie rozwiązałeś tego quizu